000 01504nam a2200301Ia 4500
005 20220317001407.0
008 161108s2005 sp a g 000 0 spa
020 _a9788434225251
082 0 4 _a745.5
_bM17
100 1 _aMarti i Garbayo, Mónica
245 1 0 _aNúmeros y formas
_bactividades creativas para la educación infantil
_ctextos y realización de ejercicios Mónica Martí i Garbayo e Isabel Sanz Muelas ; ilustraciones Jairo Ribero ; editor Jesús Araujo
250 _aTercera edición
264 1 _aBarcelona
_bParramón
_c2005
300 _a48 páginas
_bilustraciones a color
_c31 cm.
336 _atexto
_btxt
_2rdacontent
337 _asin mediación
_bn
_2rdamedia
338 _avolumen
_bnc
_2rdacarrier
490 _aManitas artísticas
500 _aIncluye plantillas
505 _aTécnicas empleadas -- Orientaciones metodológicas -- Organización del libro -- Números y formas -- Cuenta las bolas -- Encajes -- Títeres -- Ordena los números -- Tamaños -- Móvil de formas -- Cenefas y texturas -- Parejas -- Espirales -- Puzzle -- Dominó -- Geometría táctil -- Dado -- Formas y sombras -- Juego de memoria -- Tres en raya -- Caja de formas -- Plantillas
650 1 4 _2LEMB
_aActividades creativas y trabajo en clase
650 1 4 _2LEMB
_aTrabajos manuales (Manuales)
650 1 4 _2LEMB
_aArtesanía
_xEnseñanza elemental
700 1 _aSanz Muelas, Isabel
_917478
700 1 _aRibero, Jairo
_972042
942 _2ddc
_cBK
040 _aCO-BoRNBP
_bspa
_erda
_cCO-BoRNBP
999 _c6837
_d6837